|
|
|
|
| LEADER |
02949nam a22004575i 4500 |
| 001 |
978-3-319-15010-9 |
| 003 |
DE-He213 |
| 005 |
20151028132347.0 |
| 007 |
cr nn 008mamaa |
| 008 |
150210s2015 gw | s |||| 0|eng d |
| 020 |
|
|
|a 9783319150109
|9 978-3-319-15010-9
|
| 024 |
7 |
|
|a 10.1007/978-3-319-15010-9
|2 doi
|
| 040 |
|
|
|d GrThAP
|
| 050 |
|
4 |
|a QC1-QC999
|
| 072 |
|
7 |
|a PHU
|2 bicssc
|
| 072 |
|
7 |
|a PBKD
|2 bicssc
|
| 072 |
|
7 |
|a SCI064000
|2 bisacsh
|
| 082 |
0 |
4 |
|a 621
|2 23
|
| 100 |
1 |
|
|a Chapman, Airlie.
|e author.
|
| 245 |
1 |
0 |
|a Semi-Autonomous Networks
|h [electronic resource] :
|b Effective Control of Networked Systems through Protocols, Design, and Modeling /
|c by Airlie Chapman.
|
| 264 |
|
1 |
|a Cham :
|b Springer International Publishing :
|b Imprint: Springer,
|c 2015.
|
| 300 |
|
|
|a XXXI, 187 p. 53 illus., 33 illus. in color.
|b online resource.
|
| 336 |
|
|
|a text
|b txt
|2 rdacontent
|
| 337 |
|
|
|a computer
|b c
|2 rdamedia
|
| 338 |
|
|
|a online resource
|b cr
|2 rdacarrier
|
| 347 |
|
|
|a text file
|b PDF
|2 rda
|
| 490 |
1 |
|
|a Springer Theses, Recognizing Outstanding Ph.D. Research,
|x 2190-5053
|
| 505 |
0 |
|
|a Nomenclature -- Acknowledgments -- Dedication -- Supervisor's Foreword -- Introduction -- Preliminaries -- Notation -- Network Topology -- Consensus Dynamics -- Advection on Graphs -- Beyond Linear Protocols -- Measures and Rewiring -- Distributed Online Topology Design for Disturbance Rejection -- Network Topology Design for UAV Swarming with Wind Gusts -- Cartesian Products of Z-Matrix Networks: Factorization and Interval Analysis -- On the Controllability and Observability of Cartesian Product Networks -- Strong Structural Controllability of Networked Dynamics -- Security and Infiltration of Networks: A Structural Controllability and Observability Perspective -- Conclusion and Future Work -- Appendix -- Single Anchor State Measures.
|
| 520 |
|
|
|a This thesis analyzes and explores the design of controlled networked dynamic systems - dubbed semi-autonomous networks. The work approaches the problem of effective control of semi-autonomous networks from three fronts: protocols which are run on individual agents in the network; the network interconnection topology design; and efficient modeling of these often large-scale networks. The author extended the popular consensus protocol to advection and nonlinear consensus. The network redesign algorithms are supported by a game-theoretic and an online learning regret analysis.
|
| 650 |
|
0 |
|a Physics.
|
| 650 |
|
0 |
|a Control engineering.
|
| 650 |
1 |
4 |
|a Physics.
|
| 650 |
2 |
4 |
|a Complex Networks.
|
| 650 |
2 |
4 |
|a Control.
|
| 710 |
2 |
|
|a SpringerLink (Online service)
|
| 773 |
0 |
|
|t Springer eBooks
|
| 776 |
0 |
8 |
|i Printed edition:
|z 9783319150093
|
| 830 |
|
0 |
|a Springer Theses, Recognizing Outstanding Ph.D. Research,
|x 2190-5053
|
| 856 |
4 |
0 |
|u http://dx.doi.org/10.1007/978-3-319-15010-9
|z Full Text via HEAL-Link
|
| 912 |
|
|
|a ZDB-2-PHA
|
| 950 |
|
|
|a Physics and Astronomy (Springer-11651)
|